LEGO Hero Factory: Villain Figures by Picture - Statistics

General Stats
  • This quiz has been taken 8 times
    3 since last reset
  • The average score is 27 of 39
Answer Stats
Picture Answer % Correct
Aquagon
100%
Jawblade
100%
Ogrum
100%
Rotor
100%
Speeda Demon
100%
Splitface
100%
Toxic Reapa
100%
Voltix
100%
Von Nebula
100%
Witch Doctor
100%
XT4
100%
Black Phantom
67%
Bruizer
67%
Core Hunter
67%
Corroder
67%
Crystal Beast
67%
Dragon Bolt
67%
Drilldozer
67%
Fire Lord
67%
Flyer Beast
67%
Frost Beast
67%
Jetbug
67%
Meltdown
67%
Pyrox
67%
Queen Beast
67%
Raw-Jaw
67%
Scarox
67%
Scorpio
67%
Splitter Beast
67%
Thornraxx
67%
Arachnix
33%
Fangz
33%
Jaw Beast
33%
Nitroblast
33%
Thunder
33%
Tunneler Beast
33%
Vapor
33%
Waspix
33%
XPlode
33%
No matching quizzes found
Score Distribution
Percent of People with Each Score
Percentile by Number Answered
Your Score History
You have not taken this quiz since the last reset